Jawano ki Zehni Tarbiyat aur Nafsiyati Jang say Bachao (جوانوں کی ذہنی تربیت اور نفسیاتی جنگ سے بچاوُ / (Record no. 565234)

000 -LEADER
fixed length control field 00509nam a2200121Ia 4500
008 - FIXED-LENGTH DATA ELEMENTS--GENERAL INFORMATION
fixed length control field 210430s9999 xx 000 0 und d
082 ## - DEWEY DECIMAL CLASSIFICATION NUMBER
Classification number 297.7 S1321J
100 ## - MAIN ENTRY--PERSONAL NAME
Personal name Pshyclogical Operations Directorate GHQ
9 (RLIN) 54606
245 ## - TITLE STATEMENT
Title Jawano ki Zehni Tarbiyat aur Nafsiyati Jang say Bachao (جوانوں کی ذہنی تربیت اور نفسیاتی جنگ سے بچاوُ /
Statement of responsibility, etc. Pshyclogical Operations Directorate GHQ
260 ## - PUBLICATION, DISTRIBUTION, ETC.
Place of publication, distribution, etc. Rawalpindi
Name of publisher, distributor, etc. Psychological Operations Directorate
300 ## - PHYSICAL DESCRIPTION
Extent 418
942 ## - ADDED ENTRY ELEMENTS (KOHA)
Koha item type Book
Source of classification or shelving scheme
Holdings
Withdrawn status Lost status Source of classification or shelving scheme Damaged status Not for loan Permanent Location Current Location Shelving location Date acquired Full call number Barcode Date last seen Price effective from Koha item type
          School of Chemical & Materials Engineering (SCME) School of Chemical & Materials Engineering (SCME) General Stacks 06/15/4 297.7 S1321J SCME-4523 04/30/2021 04/30/2021 Book
© 2023 Central Library, National University of Sciences and Technology. All Rights Reserved.